Statystyki dla Słowka środowisko Roślinność

Kliknij tutaj aby rozwiązać quiz!

Ogólne statystyki

  • Ten quiz został rozwiązany 39 razy
  • Średni wynik to 12 z 26

Statystyki odpowiedzi

HintOdpowiedź% Poprawnych
Kwiatflower
88%
Owocfruit
88%
Drzewotree
88%
Warzywovegetable
88%
Trawagrass
69%
Liśćleaf
69%
Sadzićplant
69%
Roślinaplant
69%
Rosnąćgrow
65%
Liścieleaves
54%
Krzakbush
46%
Roślina egzotycznaexotic plant
46%
Podlewaćwater
46%
Glebasoil
38%
Korzeńroot
35%
Gatunekspecies
35%
Gałąźbranch
27%
Żniwaharvest
27%
Zbieraćharvest
27%
Szklarniagreenhouse
19%
Pieńtrunk
19%
Uprawacrop
15%
Korona (drzewa)crown
15%
Hodować roślinygrow plants
15%
Wyciąć drzewocut a tree
12%
Zbierać owocepick fruit
4%

Rozkład punktacji

Percentyl według liczby udzielonych odpowiedzi

Procent ludzi z każdym wynikiem

Twoja historia wyników

Nie rozwiązałeś tego quizu